LEADER 01280nam a2200301 a 4500 001 000000158861 003 CaOOAMICUS 005 20170215095153.0 008 170215s2016 it af u000 u ita r 020 $a978-88-215-9788-6* 032 $aLibriCat 040 $aPUL$bita 082 04$a255.092 100 1 $aResmini, Claudio.$0(OLS)http://pul/name/101486 245 10$aFra Cecilio :$bl'angelo della cittą /$cClaudio Resmini. 260 $aCinisello Balsamo :$bSan Paolo,$c2016. 300 $a186 p., [8] p. di tav. :$bill. ;$c21 cm. 490 1 $aTestimoni del nostro tempo ;$v84 600 04$aCecilio Maria Cortinovis,$cO.F.M. Cap.,$d1885-1984.$0(OLS)http://pul/subject/44280 830 0$aTestimoni del nostro tempo ;$v84.$0(OLS)http://pul/title/66115 850 $aPUL 852 $aPUL$W1$xDP2 Religione 3$y114$m255. 092 RESCL 1$j182166$qDDC 21$B185353$CPULBib$Z2$F185353 $H128973 $81 941 1 $a9 996 $6020$a978-88-215-9788-6*$9(OLS)http://pul/number/162067 996 $6082$a255.092$9(OLS)http://pul/classification/3033 996 $6245$aFra Cecilio :$bl'angelo della cittą$9(OLS)http://pul/title/198465 996 $6260$aCinisello Balsamo :$bSan Paolo$9(OLS)http://pul/publisher/54577 LEADER 01682namaa2200349 a 4500 001 000000177084 003 CaOOAMICUS 005 20240716163619.0 008 240716s2020 it 000 u ita r 020 $a978-88-6515-166-2* 032 $aLibriCat 040 $aPUL$bita 082 1 $a345.45025 100 1 $aMei, Enrico.$0(OLS)http://pul/name/48793 245 10$aViolenza di genere :$bpercorso storico, dinamiche psicologiche, psicopatologiche e psichiatrico-forensi. La politica criminale /$cEnrico Mei. 250 $a1.ed. 260 $aRoma :$bSocietą editrice universo,$c©2020. 300 $aXV, 179 pagine ;$c26 cm 440 0$aCollana di scienze medico-giuridiche ;$v2 504 $aBibliografia in nota a pič pagina. 650 4$aViolenza di genere.$0(OLS)http://pul/subject/46846 650 4$aCriminologia$vManuali, trattati, ecc.$0(OLS)http://pul/subject/33933 830 0$aCollana di scienze medico-giuridiche ;$v2.$0(OLS)http://pul/title/217926 850 $aPUL 852 $aPUL$W1$xSL Diritto e Scienze Sociali 3$y79$m345. 45025 MEIEN 1$j201083$qDDC 21$B206045$CPULBib$Z2$F206045 $H137295 $82 941 1 $a9 996 $6020$a978-88-6515-166-2*$9(OLS)http://pul/number/169948 996 $6082$a345.45025$9(OLS)http://pul/classification/1880 996 $6245$aViolenza di genere :$bpercorso storico, dinamiche psicologiche, psicopatologiche e psichiatrico-forensi. La politica criminale$9(OLS)http://pul/title/218604 996 $6440$aCollana di scienze medico-giuridiche$9(OLS)http://pul/title/217926 996 $6260$aRoma :$bSocietą editrice universo$9(OLS)http://pul/publisher/65649